000 00253nam a22001097a 4500
008 170118b xxu||||| |||| 00| 0 eng d
020 _a0721660991
041 _aeng
080 _a618.2
245 _aTEXTBOOK OF PEDIATRIC NURSING
_cMARLOW
942 _2udc
_cBK
999 _c3117
_d3117